<?xml version="1.0" encoding="UTF-8"?>
<collection xmlns="http://www.loc.gov/MARC21/slim">
 <record>
  <leader>01179nam a2200169Ia 4500</leader>
  <controlfield tag="001">CTU_18519</controlfield>
  <controlfield tag="008">210402s9999    xx            000 0 und d</controlfield>
  <datafield tag="082" ind1=" " ind2=" ">
   <subfield code="a">355.8</subfield>
  </datafield>
  <datafield tag="082" ind1=" " ind2=" ">
   <subfield code="b">W721</subfield>
  </datafield>
  <datafield tag="245" ind1=" " ind2="4">
   <subfield code="a">The American atom: A documentary history of nuclear policies from the discovery of fission to the President 1939-1984</subfield>
  </datafield>
  <datafield tag="260" ind1=" " ind2=" ">
   <subfield code="a">Pennsylvania, Philadelphia</subfield>
  </datafield>
  <datafield tag="260" ind1=" " ind2=" ">
   <subfield code="b">Univ. of Pennsylvania</subfield>
  </datafield>
  <datafield tag="260" ind1=" " ind2=" ">
   <subfield code="c">1984</subfield>
  </datafield>
  <datafield tag="520" ind1=" " ind2=" ">
   <subfield code="a">The book presents the first comprehensive collection of primary documents which tell the story of atomic energy in the United States from discovery of fission through the development of nuclear weapons, international proliferation, and attempts at control. This book also examines carefully the Mahattan Project, the Oppenheimer Case, the hydrogen, bomb, nuclear testing and the test ban, proliferation, arms control, and the startegy of deterrence</subfield>
  </datafield>
  <datafield tag="650" ind1=" " ind2=" ">
   <subfield code="a">atomic energy - history - sources,atomic weapons and disarmament - history - sources,deterrence ( strategy ) - history - 20th century - sources,united states - military policy - addresses, essays, lectures</subfield>
  </datafield>
  <datafield tag="904" ind1=" " ind2=" ">
   <subfield code="i">Minh, 970917</subfield>
  </datafield>
  <datafield tag="980" ind1=" " ind2=" ">
   <subfield code="a">Trung tâm Học liệu Trường Đại học Cần Thơ</subfield>
  </datafield>
 </record>
</collection>
